Central Library OPAC University of Rajshahi

The god that failed / (Record no. 3807)

MARC details
000 -LEADER
fixed length control field 00929cam a22002531 4500
001 - CONTROL NUMBER
control field 3807
003 - CONTROL NUMBER IDENTIFIER
rucl marc code BD-RjUL
005 - DATE AND TIME OF LATEST TRANSACTION
control field 20211208233803.0
008 - FIXED-LENGTH DATA ELEMENTS--GENERAL INFORMATION
fixed length control field 160730r19541952enk 000 0 eng
035 ## - SYSTEM CONTROL NUMBER
System control number (BD-RjUL)3841
System control number (OCoLC)187546
040 ## - CATALOGING SOURCE
Original cataloging agency DLC
Transcribing agency OAU
Modifying agency OCoLC
-- Uk
-- DLC
-- BD-RjUL
Language of cataloging eng
041 ## - LANGUAGE CODE
Language code of text/sound track or separate title eng
082 04 - DEWEY DECIMAL CLASSIFICATION NUMBER
Edition number 23
Classification number 335.43
Author mark and year GOD 1954
245 04 - TITLE STATEMENT
Title The god that failed /
Statement of responsibility, etc. With an introd. by Richard Crossman.
260 ## - PUBLICATION, DISTRIBUTION, ETC. (IMPRINT)
Place of publication, distribution, etc. New York :
Name of publisher, distributor, etc. Bantam,
Date of publication, distribution, etc. c1950, 1949 [printing 1954].
300 ## - PHYSICAL DESCRIPTION
Pagination 272 p. ,
Size 20 cm.
505 0# - FORMATTED CONTENTS NOTE
Formatted contents note The initiates: Arthur Koestler. Ignazio Silone. Richard Wright.--Worshippers from afar. Andrรฉ Gide presented by E. Starkle. Louis Fischer. Stephen Spender.
650 #0 - SUBJECT ADDED ENTRY--TOPICAL TERM
Topical term or geographic name as entry element Communism.
9 (RLIN) 12121
700 1# - ADDED ENTRY--PERSONAL NAME
Personal name Crossman, R. H. S.
Fuller form of name (Richard Howard Stafford),
Dates associated with a name 1907-1974,
Relator term ed.
Personal name Koestler, Arthur,
Dates associated with a name 1905-1983.
942 ## - ADDED ENTRY ELEMENTS (KOHA)
Source of classification or shelving scheme Dewey Decimal Classification
Koha item type Books
Holdings
Lost status Source of classification or shelving scheme Damaged status Not for loan Collection code Permanent Location Current Location Shelving location Date acquired Source of acquisition Total Checkouts Full call number Date last seen Copy number Koha item type
  Dewey Decimal Classification     Non-fiction Central Library, University of Rajshahi Central Library, University of Rajshahi   01/03/1958 U.S.I.S. Dhaka   335.43 GOD 1954 21/12/2013 C-5 Books
  Dewey Decimal Classification     Non-fiction Central Library, University of Rajshahi Central Library, University of Rajshahi   01/03/1958 U.S.I.S. Dhaka   335.43 GOD 1949 26/06/2016 C-2 Books
  Dewey Decimal Classification     Non-fiction Central Library, University of Rajshahi Central Library, University of Rajshahi   01/03/1958 U.S.I.S. Dhaka   335.43 GOD 1949 26/06/2016 C-3 Books
  Dewey Decimal Classification     Non-fiction Central Library, University of Rajshahi Central Library, University of Rajshahi   01/03/1958 U.S.I.S. Dhaka   335.43 GOD 1954 30/07/2016 C-4 Books
  Dewey Decimal Classification     Non-fiction Central Library, University of Rajshahi Central Library, University of Rajshahi   01/03/1958 U.S.I.S. Dhaka   335.43 GOD 1954 30/07/2016 C-6 Books